书目信息 |
| 题名: |
跤王
|
|
| 作者: | 张建广 著 | |
| 分册: | ||
| 出版信息: | 北京 作家出版社有限公司 2024.05 |
|
| 页数: | 661页 | |
| 开本: | 24cm | |
| 丛书名: | ||
| 单 册: | ||
| 中图分类: | I247.57 | |
| 科图分类: | ||
| 主题词: | 长篇小说--中国--当代 | |
| 电子资源: | ||
| ISBN: | 978-7-5212-2625-6 | |
| 000 | 00964nam0 2200229 450 | |
| 001 | 0041190702 | |
| 005 | 20251022125155.09 | |
| 010 | @a978-7-5212-2625-6@dCNY78.00 | |
| 100 | @a20240510d2024 em y0chiy0110 ea | |
| 101 | 0 | @achi |
| 102 | @aCN@b110000 | |
| 105 | @ay z 000ay | |
| 106 | @ar | |
| 200 | 1 | @a跤王@9jiao wang@b专著@f张建广著 |
| 210 | @a北京@c作家出版社有限公司@d2024.05 | |
| 215 | @a661页@d24cm | |
| 330 | @a本书讲述了上世纪三四十年代跤王刘学栋传奇的一生。“跤王”刘学栋少年时顽皮,无法无天,上世纪三四十年代,社会动荡、血雨腥风,刘学栋一直忙着拜师学艺,提高跤技,同各类跤手争高低,同邪恶势力作斗争。通过同社会各色人物的交往、碰撞,历练成长,并锤炼出勇敢、坚强、善良、大度的品格。抗战时期,他勇敢地反抗日军暴行,两次入狱差点儿被打死,出狱后仍矢志不渝。 | |
| 606 | 0 | @a长篇小说@y中国@z当代 |
| 690 | @aI247.57@v5 | |
| 701 | 0 | @a张建广@9zhang jian guang@f(1954-)@4著 |
| 801 | 0 | @aCN@c20250905 |
| 905 | @a河南城建学院图书馆@dI247.57@eZ121@ZZ121@f1 | |
| 跤王/张建广著.-北京:作家出版社有限公司,2024.05 |
| 661页;24cm |
| ISBN 978-7-5212-2625-6:CNY78.00 |
| 本书讲述了上世纪三四十年代跤王刘学栋传奇的一生。“跤王”刘学栋少年时顽皮,无法无天,上世纪三四十年代,社会动荡、血雨腥风,刘学栋一直忙着拜师学艺,提高跤技,同各类跤手争高低,同邪恶势力作斗争。通过同社会各色人物的交往、碰撞,历练成长,并锤炼出勇敢、坚强、善良、大度的品格。抗战时期,他勇敢地反抗日军暴行,两次入狱差点儿被打死,出狱后仍矢志不渝。 |
| ● |
| 相关链接 |
|
|
|
正题名:跤王
索取号:I247.57/Z121
 
预约/预借
| 序号 | 登录号 | 条形码 | 馆藏地/架位号 | 状态 | 备注 |
| 1 | 1631174 | 216311747 | 文学库108/108文学库 54排7列5层/ [索取号:I247.57/Z121] | 在馆 |